Documentary by Tagline Quiz Stats

 Plays Quiz Updated Jul 6, 2017

Support Sporcle.
Go Orange.
Score 0/24 Timer 06:00
2 Plays Today
% Correct
Woodstock
95.3%
Fahrenheit 9|11
95.1%
The U.S. vs. John Lennon
90.2%
Taxi to the Dark Side
86.9%
An Inconvenient Truth
85.8%
March of the Penguins
84.1%
Super Size Me
84%
The Cove
81.6%
This Film is Not Yet Rated
81.5%
Bowling for Columbine
81.1%
Religulous
80.1%
Grizzly Man
78.9%
% Correct
Buena Vista Social Club
75.9%
Man on Wire
75.2%
Nanook of the North
74.7%
Into the Arms of Strangers
74%
Inside Job
68.4%
The War Room
65.1%
When We Were Kings
63.5%
Senna
61.1%
Gimme Shelter
56.1%
Exit Through the Gift Shop
52.1%
Grey Gardens
44.7%
Crumb
40.1%

You're not logged in!

Compare scores with friends on all Sporcle quizzes.
OR
Log In
Forgot?

From the Vault

The Last Word: Movie Directors

by Flick

On set, directors typically have the last word.
Remove Ads.
Support Sporcle.
Get the best of Sporcle when you Go Orange. This ad-free experience offers more features, more stats, and more fun while also helping to support Sporcle. Thank you for becoming a member.

Show Comments

Extras

Top Quizzes Today


Score Distribution

Your Account Isn't Verified!

In order to create a playlist on Sporcle, you need to verify the email address you used during registration. Go to your Sporcle Settings to finish the process.

Report this User

Report this user for behavior that violates our Community Guidelines.

Details: